000 00363nam a22001577a 4500
003 MPLRDC
005 20220104144354.0
008 210129b ||||| |||| 00| 0 eng d
082 _a539.8 WLQ c.2
100 _a王利器辑录
245 _a历代笑话集
_c
260 _a
_b新月出版社
_c1959
300 _b
650 _a
942 _cBK
_o539.8 WLQ c.2
999 _c48972
_d48962